[Event "WYCC 2018 O18"]
[Site "Halkidiki"]
[Date "2018.10.27"]
[Round "8"]
[White "Carnicelli, Valerio"]
[Black "Goncalves, Davi Sulzbacher"]
[Result "0-1"]
[WhiteElo "2299"]
[BlackElo "2177"]
[Annotator "NA"]
[PlyCount "88"]
[EventDate "2018.10.20"]
[EventType "swiss"]
[EventCountry "GRE"]
[SourceTitle "playchess.com"]
[Source "ChessBase"]
[SourceQuality "1"]
[TimeControl "40/5400+30:1800+30"]

1. e4 {[%emt 0:00:00]} c5 {[%emt 0:00:00]} 2. Nf3 {[%emt 0:00:00]} Nc6 {[%emt 0:00:02]} 3. d4 {[%emt 0:00:00]} cxd4 {[%emt 0:00:07]} 4. Nxd4 {[%emt 0:00:00]} Nf6 {[%emt 0:00:11]} 5. Nc3 {[%emt 0:00:00]} e5 {[%emt 0:00:11]} 6. Ndb5 {[%emt 0:00:00]} d6 {[%emt 0:00:13]} 7. Bg5 {[%emt 0:00:00]} a6 {[%emt 0:00:09]} 8. Na3 {[%emt 0:00:02]} b5 {[%emt 0:00:10]} 9. Nd5 {[%emt 0:00:05]} Be7 {[%emt 0:00:14]} 10. Bxf6 {[%emt 0:00:05]} Bxf6 {[%emt 0:00:07]} 11. c3 {[%emt 0:00:07]} Bg5 {[%emt 0:01:24]} 12. Nc2 {[%emt 0:01:23]} O-O {[%emt 0:00:41]} 13. a4 {[%emt 0:00:04]} bxa4 {[%emt 0:00:11]} 14. Rxa4 {[%emt 0:00:06]} a5 {[%emt 0:00:22]} 15. Bc4 {[%emt 0:00:07]} Rb8 {[%emt 0:00:18]} 16. b3 {[%emt 0:00:05]} Kh8 {[%emt 0:00:18]} 17. Nce3 {[%emt 0:00:08]} g6 18. h4 {[%emt 0:00:41]} Bxh4 {[%emt 0:02:40]} 19. g3 {[%emt 0:00:08]} Bg5 {[%emt 0:00:15]} 20. f4 {[%emt 0:00:06]} exf4 {[%emt 0:00:14]} 21. gxf4 {[%emt 0:00:05]} Bh4+ {[%emt 0:00:22]} 22. Kf1 {[%emt 0:00:06]} f5 {[%emt 0:19:33]} 23. Ra2 {[%emt 0:00:17]} fxe4 {[%emt 0:00:45]} 24. Rah2 {[%emt 0:01:28]} g5 {[%emt 0:02:38]} 25. Qh5 {[%emt 0:01:12]} Rb7 {[%emt 0:14:25]} 26. Ke2 {[%emt 0:05:30]} Be6 {[%emt 0:16:36]} 27. Qh6 {[%emt 0:01:14]} Bg8 {[%emt 0:07:46]} 28. Rg2 {[%emt 0:01:34]} Rbf7 {[%emt 0:08:29]} 29. Kd1 {[%emt 0:34:55]} Rf6 {[%emt 0:05:22]} 30. Nxf6 {[%emt 0:15:18]} Rxf6 {[%emt 0:00:10]} 31. Qh5 {[%emt 0:01:18]} Rxf4 {[%emt 0:01:02]} 32. Rg4 {[%emt 0:06:11]} Rxg4 {[%emt 0:06:41]} 33. Qxg4 {[%emt 0:00:15]} d5 {[%emt 0:00:32]} 34. Bb5 {[%emt 0:15:53]} d4 {[%emt 0:00:41]} 35. Bxc6 {[%emt 0:00:39]} dxe3+ {[%emt 0:01:03]} 36. Qd7 {[%emt 0:03:36]} Qxd7+ {[%emt 0:00:35]} 37. Bxd7 {[%emt 0:00:04]} Bxb3+ {[%emt 0:00:08]} 38. Ke2 {[%emt 0:00:15]} Bf2 {[%emt 0:00:09]} 39. Bb5 {[%emt 0:01:29]} g4 {[%emt 0:02:45]} 40. Kf1 {[%emt 0:00:00]} Bc2 {[%emt 0:00:00]} 41. Be2 {[%emt 0:09:04]} Bd3 {[%emt 0:03:30]} 42. c4 {[%emt 0:00:12]} g3 {[%emt 0:00:49]} 43. c5 {[%emt 0:00:25]} Bxe2+ {[%emt 0:01:14]} 44. Kxe2 {[%emt 0:00:04]} g2 {[%emt 0:00:11]} 0-1

[Event "WYCC 2018 O18"]
[Site "Halkidiki"]
[Date "2018.10.27"]
[Round "8"]
[White "Kouskoutis, Georgios-Alexandros"]
[Black "Burovic, Rijad"]
[Result "0-1"]
[WhiteElo "2296"]
[BlackElo "2380"]
[Annotator "NA"]
[PlyCount "120"]
[EventDate "2018.10.20"]
[EventType "swiss"]
[EventCountry "GRE"]
[SourceTitle "playchess.com"]
[Source "ChessBase"]
[SourceQuality "1"]
[TimeControl "40/5400+30:1800+30"]

1. e4 {[%emt 0:00:00]} e6 {[%emt 0:01:49]} 2. d4 {[%emt 0:00:00]} d5 {[%emt 0:00:11]} 3. Nc3 {[%emt 0:00:00]} Bb4 {[%emt 0:00:26]} 4. e5 {[%emt 0:00:00]} Ne7 {[%emt 0:00:13]} 5. Bd2 {[%emt 0:01:00]} O-O {[%emt 0:05:55]} 6. a3 {[%emt 0:03:22]} Bxc3 {[%emt 0:05:48]} 7. Bxc3 {[%emt 0:00:09]} b6 $11 {[%emt 0:01:00] LiveBook: 5 Partien} 8. f4 {[%emt 0:12:13]} Ba6 {[%emt 0:02:07]} 9. Bxa6 {[%emt 0:02:39]} Nxa6 {[%emt 0:00:11]} 10. Qe2 {[%emt 0:00:54]} Qc8 {[%emt 0:01:40]} 11. Nf3 {[%emt 0:01:58]} c5 {[%emt 0:01:45]} 12. O-O-O {[%emt 0:07:39]} Rb8 {[%emt 0:03:16]} 13. g4 {[%emt 0:13:53]} b5 {[%emt 0:02:43]} 14. dxc5 {[%emt 0:02:32]} Nxc5 {[%emt 0:01:33]} 15. Nd4 {[%emt 0:03:20]} Nc6 {[%emt 0:05:54]} 16. Nxc6 {[%emt 0:11:51]} Qxc6 {[%emt 0:00:11]} 17. Kb1 {[%emt 0:01:04]} Rfc8 {[%emt 0:07:16]} 18. Rd4 {[%emt 0:13:22]} Qb6 {[%emt 0:09:29]} 19. Rhd1 {[%emt 0:00:39]} a5 {[%emt 0:02:22]} 20. Qe1 {[%emt 0:06:00]} Ra8 {[%emt 0:02:07]} 21. b3 {[%emt 0:04:18]} a4 {[%emt 0:09:22]} 22. b4 {[%emt 0:02:30]} Ne4 {[%emt 0:00:26]} 23. Rxe4 {[%emt 0:02:37]} dxe4 {[%emt 0:00:44]} 24. Qxe4 {[%emt 0:00:06]} Qc7 {[%emt 0:04:34]} 25. Bd4 {[%emt 0:03:41]} Qc4 {[%emt 0:02:10]} 26. Qd3 {[%emt 0:00:16]} Qxd3 {[%emt 0:06:39]} 27. cxd3 {[%emt 0:02:24]} Rd8 {[%emt 0:01:53]} 28. Bc5 {[%emt 0:00:04]} f6 {[%emt 0:09:01]} 29. Kc2 {[%emt 0:02:39]} g5 {[%emt 0:06:01]} 30. exf6 {[%emt 0:01:02]} gxf4 {[%emt 0:00:07]} 31. Rf1 {[%emt 0:02:07]} e5 {[%emt 0:01:06]} 32. d4 {[%emt 0:00:30]} exd4 {[%emt 0:00:41]} 33. Kd3 {[%emt 0:00:30]} Kf7 {[%emt 0:01:36]} 34. Rxf4 {[%emt 0:00:04]} Ra6 {[%emt 0:01:35]} 35. g5 {[%emt 0:00:59]} Re6 {[%emt 0:01:08]} 36. Bxd4 {[%emt 0:01:47]} Re1 {[%emt 0:00:51]} 37. Re4 {[%emt 0:00:45]} Rxe4 {[%emt 0:01:35]} 38. Kxe4 {[%emt 0:00:05]} Ke6 {[%emt 0:00:06]} 39. h4 {[%emt 0:00:07]} Rd5 {[%emt 0:02:14]} 40. Bc3 {[%emt 0:00:00]} Rf5 {[%emt 0:00:00]} 41. Bd4 {[%emt 0:13:05]} Rf1 {[%emt 0:04:03]} 42. h5 {[%emt 0:02:04]} Kf7 {[%emt 0:00:53]} 43. Kd3 {[%emt 0:17:31]} Rh1 {[%emt 0:02:56]} 44. h6 {[%emt 0:00:05]} Kg6 {[%emt 0:02:36]} 45. Ke4 {[%emt 0:00:26]} Kxg5 {[%emt 0:03:47]} 46. Kd5 {[%emt 0:00:06]} Kg6 {[%emt 0:03:47]} 47. Kc6 {[%emt 0:01:22]} Rh3 {[%emt 0:00:56]} 48. Kxb5 {[%emt 0:00:06]} Rxa3 {[%emt 0:00:04]} 49. Kc5 {[%emt 0:00:33]} Rb3 {[%emt 0:11:31]} 50. b5 {[%emt 0:00:08]} a3 {[%emt 0:00:31]} 51. b6 {[%emt 0:00:44]} a2 {[%emt 0:00:45]} 52. Kc6 {[%emt 0:00:23]} Rb4 {[%emt 0:01:43]} 53. Be5 {[%emt 0:00:11]} Re4 {[%emt 0:00:43]} 54. Bb2 {[%emt 0:01:22]} Rc4+ {[%emt 0:00:36]} 55. Kb5 {[%emt 0:00:45]} Rc2 {[%emt 0:00:25]} 56. Bd4 {[%emt 0:00:26]} Rc1 {[%emt 0:00:31]} 57. b7 {[%emt 0:00:27]} a1=Q {[%emt 0:00:14]} 58. Bxa1 {[%emt 0:00:22]} Rxa1 {[%emt 0:00:06]} 59. Kc6 {[%emt 0:00:42]} Rb1 {[%emt 0:00:51]} 60. Kc7 {[%emt 0:00:18]} Kxh6 {[%emt 0:01:11]} 0-1

[Event "WYCC 2018 O18"]
[Site "Halkidiki"]
[Date "2018.10.27"]
[Round "8"]
[White "Lazov, Toni"]
[Black "Shevchenko, Kirill"]
[Result "1/2-1/2"]
[WhiteElo "2292"]
[BlackElo "2549"]
[Annotator "TA"]
[PlyCount "98"]
[EventDate "2018.10.20"]
[EventType "swiss"]
[EventCountry "GRE"]
[SourceTitle "playchess.com"]
[Source "ChessBase"]
[SourceQuality "1"]

{[%evp 20,98,17,0,0,0,0,0,0,0,0,0,54,35,79,39,29,13,25,22,25,8,8,8,8,9,15,0,0,-63,-73,-52,-73,-64,-54,-54,-54,-54,-54,-48,-50,-69,0,-23,-28,-38,-32,-104,-102,-93,0,0,0,0,0,0,0,0,0,0,0,0,0,0,0,0,0,0,0,0,0,0,0,0,0,0,0,0,0,0,0]} 1. e4 c5 2. Nf3 d6 3. d4 cxd4 4. Nxd4 Nf6 5. Nc3 a6 6. h3 e5 7. Nb3 Be6 {B90: Sizilianisch (Najdorf-Variante, Abweichungen)} 8. f4 g6 (8... exf4 9. Bxf4 Nc6 10. Qe2 Be7 11. O-O-O Qc7 12. g4 O-O 13. g5 Nd7 14. Nd5 Bxd5 15. exd5 {1-0 (36) Safarli,E (2667)-Papaioannou,I (2647) Rio Achaea 2018}) 9. Be2 Nbd7 10. O-O Rc8 11. Be3 {LiveBook: 4 Partien} Be7 12. f5 gxf5 13. exf5 Bc4 14. Bxc4 Rxc4 15. Nd2 $146 ({Vorgänger:} 15. Qd3) 15... Rc8 (15... Rh4 $11) 16. Qf3 b5 17. a3 Qc7 18. Rad1 Rg8 19. Nde4 Qc6 $1 20. Rf2 {[#] Und Tfd2 würde nun gewinnen.} Nxe4 21. Qxe4 Nf6 $1 $132 {[%cal Rf6e4][%mdl 2048] Schwarz is fighting back} 22. Qxc6+ Rxc6 23. g4 Bd8 24. Nd5 (24. Rg2 $11) 24... Nxd5 25. Rxd5 h5 26. Rg2 hxg4 27. hxg4 Bg5 28. Bxg5 Rxg5 $15 {[%mdl 4096] Endspiel KTT-KTT} 29. b3 Ke7 30. Kh2 f6 (30... Rg8 $15) 31. Kh3 Rg8 32. Kh2 Rgc8 33. Rdd2 (33. Rgd2 $1 $15) 33... Rc3 $17 34. Kg1 Rf3 (34... Rg8 $17 35. Kf1 Rf3+ 36. Rdf2 Rh3) 35. Rh2 $1 $11 {[%cal Rh2h7] Schwarz muss nun Th7+ beachten.Die Stellung ist ausgeglichen.} Rg3+ 36. Kf1 {[#] zielt auf Th7+ ab.} Kd7 37. Rh7+ Kc6 38. Ra7 Rxg4 39. Rxa6+ Kb7 40. Raxd6 Rf4+ 41. Rf2 Rxf2+ 42. Kxf2 Rxc2+ {KT-KT} 43. Ke3 Rc6 44. Rxc6 Kxc6 {K3B-K3B} 45. Ke4 Kc5 46. Kd3 $1 Kd5 47. Ke3 Kd6 48. Ke4 Kc6 49. Kd3 Kd5 {Precision: Weiß = 55%, Schwarz = 74%.} 1/2-1/2

[Event "WYCC 2018 O18"]
[Site "Halkidiki"]
[Date "2018.10.27"]
[Round "8"]
[White "Le, Minh Hoang"]
[Black "Wang, Shixu B"]
[Result "0-1"]
[WhiteElo "2271"]
[BlackElo "2330"]
[Annotator "NA"]
[PlyCount "72"]
[EventDate "2018.10.20"]
[EventType "swiss"]
[EventCountry "GRE"]
[SourceTitle "playchess.com"]
[Source "ChessBase"]
[SourceQuality "1"]
[TimeControl "40/5400+30:1800+30"]

1. Nf3 {[%emt 0:00:00]} d5 {[%emt 0:00:00]} 2. d4 {[%emt 0:00:00]} Nf6 {[%emt 0:00:00]} 3. g3 {[%emt 0:00:00]} Bf5 {[%emt 0:00:42]} 4. Bg2 {[%emt 0:00:00]} e6 {[%emt 0:00:06]} 5. O-O {[%emt 0:00:09]} Nbd7 {[%emt 0:01:20]} 6. c4 {[%emt 0:00:10]} c6 {[%emt 0:00:13]} 7. Nc3 {[%emt 0:01:15]} Be7 {[%emt 0:02:34]} 8. Qb3 {[%emt 0:09:29]} Qb6 {[%emt 0:03:35]} 9. c5 {[%emt 0:01:22]} Qc7 $14 {[%emt 0:05:18]} 10. Bf4 {[%emt 0:00:16]} Qc8 {[%emt 0:00:04]} 11. Nh4 {[%emt 0:01:35]} Be4 {[%emt 0:03:59]} 12. f3 {[%emt 0:02:23]} Bg6 {[%emt 0:00:26]} 13. Nxg6 {[%emt 0:01:58]} hxg6 {[%emt 0:00:04]} 14. Bd6 {[%emt 0:05:10]} Bxd6 {[%emt 0:03:44]} 15. cxd6 {[%emt 0:00:04]} Qb8 {[%emt 0:10:48]} 16. e4 {[%emt 0:04:41]} dxe4 {[%emt 0:00:17]} 17. fxe4 {[%emt 0:00:11]} Qxd6 {[%emt 0:01:27]} 18. Rad1 {[%emt 0:00:08]} e5 {[%emt 0:23:56]} 19. Qxb7 {[%emt 0:06:26]} O-O {[%emt 0:02:29]} 20. d5 {[%emt 0:04:46]} cxd5 {[%emt 0:01:52]} 21. Nxd5 {[%emt 0:01:17]} Qc5+ {[%emt 0:00:58]} 22. Kh1 {[%emt 0:00:11]} Rab8 {[%emt 0:01:14]} 23. b4 {[%emt 0:06:18]} Rxb7 {[%emt 0:00:36]} 24. bxc5 {[%emt 0:00:21]} Nxc5 {[%emt 0:00:08]} 25. Nxf6+ {[%emt 0:00:10]} gxf6 {[%emt 0:00:01]} 26. Rxf6 {[%emt 0:00:06]} Rb2 {[%emt 0:04:13]} 27. Rc6 {[%emt 0:08:47]} Ne6 {[%emt 0:02:05]} 28. Ra6 {[%emt 0:01:07]} Rc8 {[%emt 0:00:21]} 29. Bh3 {[%emt 0:00:52]} Ng5 {[%emt 0:02:04]} 30. Bg2 {[%emt 0:20:31]} Rcc2 {[%emt 0:00:06]} 31. h4 {[%emt 0:00:07]} Ne6 {[%emt 0:00:27]} 32. Bf1 {[%emt 0:01:43]} Nd4 {[%emt 0:00:43]} 33. Ra3 {[%emt 0:01:15]} Rf2 {[%emt 0:00:25]} 34. Rc1 {[%emt 0:02:20]} Kg7 {[%emt 0:00:26]} 35. Re3 {[%emt 0:06:09]} Kh6 {[%emt 0:00:55]} 36. g4 {[%emt 0:02:57]} Nf3 {[%emt 0:00:55]} 0-1

[Event "WYCC 2018 O18"]
[Site "Halkidiki"]
[Date "2018.10.27"]
[Round "8"]
[White "Beukema, Jasper"]
[Black "Pobor, Danilo"]
[Result "1-0"]
[WhiteElo "2256"]
[BlackElo "1934"]
[Annotator "NA"]
[PlyCount "65"]
[EventDate "2018.10.20"]
[EventType "swiss"]
[EventCountry "GRE"]
[SourceTitle "playchess.com"]
[Source "ChessBase"]
[SourceQuality "1"]
[TimeControl "40/5400+30:1800+30"]

1. d4 {[%emt 0:00:00]} d5 {[%emt 0:00:00]} 2. c4 {[%emt 0:00:00]} e6 {[%emt 0:00:00]} 3. Nc3 {[%emt 0:00:00]} Nf6 {[%emt 0:00:00]} 4. Bg5 {[%emt 0:00:00]} Be7 {[%emt 0:00:23]} 5. e3 {[%emt 0:00:10]} Nbd7 {[%emt 0:00:08]} 6. cxd5 {[%emt 0:00:17]} exd5 {[%emt 0:00:07]} 7. Bd3 {[%emt 0:00:06]} c6 {[%emt 0:00:31]} 8. Qc2 {[%emt 0:00:25]} h6 {[%emt 0:01:26]} 9. Bh4 {[%emt 0:00:13]} O-O {[%emt 0:00:12]} 10. Nge2 {[%emt 0:00:11]} Re8 {[%emt 0:01:22]} 11. f3 {[%emt 0:01:29]} c5 {[%emt 0:06:38]} 12. dxc5 {[%emt 0:03:27]} Nxc5 {[%emt 0:01:45]} 13. Bb5 {[%emt 0:01:23]} Rf8 $11 {[%emt 0:04:20]} 14. Nd4 {[%emt 0:03:22]} a6 {[%emt 0:05:59]} 15. Be2 {[%emt 0:01:00]} Be6 {[%emt 0:03:21]} 16. O-O {[%emt 0:01:53]} Qc7 {[%emt 0:09:09]} 17. b4 {[%emt 0:10:15]} Ncd7 {[%emt 0:03:18]} 18. Nxd5 {[%emt 0:03:36]} Nxd5 {[%emt 0:01:52]} 19. Qxc7 {[%emt 0:00:30]} Nxc7 {[%emt 0:00:01]} 20. Bxe7 {[%emt 0:01:04]} Rfe8 {[%emt 0:00:02]} 21. Bd6 {[%emt 0:06:16]} Nd5 {[%emt 0:01:15]} 22. Kf2 {[%emt 0:01:23]} Nc3 {[%emt 0:02:58]} 23. Bd3 {[%emt 0:02:22]} Nf6 {[%emt 0:06:03]} 24. a4 {[%emt 0:11:21]} Rad8 {[%emt 0:02:59]} 25. Bc7 {[%emt 0:03:26]} Rc8 {[%emt 0:00:52]} 26. Ba5 {[%emt 0:01:08]} Nfd5 {[%emt 0:01:46]} 27. b5 {[%emt 0:02:35]} b6 {[%emt 0:01:06]} 28. Bxc3 {[%emt 0:03:54]} Rxc3 {[%emt 0:01:45]} 29. Be4 {[%emt 0:07:32]} Nxe3 {[%emt 0:03:45]} 30. Rfe1 {[%emt 0:06:01]} Nc4 {[%emt 0:02:32]} 31. bxa6 {[%emt 0:00:21]} Nd6 {[%emt 0:00:42]} 32. Bc6 {[%emt 0:00:35]} Rc8 {[%emt 0:00:23]} 33. a7 {[%emt 0:00:29]} 1-0

[Event "WYCC 2018 O18"]
[Site "Halkidiki"]
[Date "2018.10.27"]
[Round "8"]
[White "Tifferet, Shaked"]
[Black "Polyakov, Fedor"]
[Result "1/2-1/2"]
[WhiteElo "2254"]
[BlackElo "2036"]
[Annotator "NA"]
[PlyCount "69"]
[EventDate "2018.10.20"]
[EventType "swiss"]
[EventCountry "GRE"]
[SourceTitle "playchess.com"]
[Source "ChessBase"]
[SourceQuality "1"]
[TimeControl "40/5400+30:1800+30"]

1. e4 {[%emt 0:00:00]} c5 {[%emt 0:00:27]} 2. Nf3 {[%emt 0:00:00]} Nc6 {[%emt 0:00:05]} 3. Bb5 {[%emt 0:00:00]} g6 {[%emt 0:00:06]} 4. c3 {[%emt 0:00:44]} Bg7 {[%emt 0:00:45]} 5. d4 {[%emt 0:00:24]} cxd4 {[%emt 0:01:57]} 6. cxd4 {[%emt 0:00:15]} Qb6 {[%emt 0:02:07]} 7. Nc3 {[%emt 0:00:28]} Nxd4 {[%emt 0:10:23]} 8. Nd5 {[%emt 0:01:33]} Nxf3+ $16 {[%emt 0:04:31]} 9. Qxf3 {[%emt 0:00:11]} Qd6 {[%emt 0:03:48]} 10. O-O {[%emt 0:20:25]} Nf6 {[%emt 0:03:40]} 11. Bf4 {[%emt 0:01:27]} e5 {[%emt 0:00:05]} 12. Bh6 {[%emt 0:00:11]} Bxh6 {[%emt 0:05:04]} 13. Nxf6+ {[%emt 0:00:21]} Ke7 {[%emt 0:00:29]} 14. Nd5+ {[%emt 0:00:30]} Kf8 {[%emt 0:02:16]} 15. Rad1 {[%emt 0:01:24]} Kg7 {[%emt 0:01:11]} 16. Qc3 {[%emt 0:01:42]} Rb8 {[%emt 0:01:56]} 17. f4 {[%emt 0:06:53]} b6 {[%emt 0:07:19]} 18. Kh1 {[%emt 0:01:46]} Rf8 {[%emt 0:08:52]} 19. fxe5 {[%emt 0:09:09]} Qc5 {[%emt 0:00:11]} 20. Bc4 {[%emt 0:00:08]} Kh8 {[%emt 0:02:34]} 21. b4 {[%emt 0:09:16]} Qc6 {[%emt 0:00:28]} 22. Rf6 {[%emt 0:12:50]} d6 {[%emt 0:08:37]} 23. b5 {[%emt 0:12:54]} Qc5 {[%emt 0:08:28]} 24. e6 {[%emt 0:13:45]} Bg7 {[%emt 0:00:23]} 25. e7 {[%emt 0:02:00]} Rg8 {[%emt 0:01:48]} 26. Qd3 {[%emt 0:01:53]} Be6 {[%emt 0:01:46]} 27. Rxe6 {[%emt 0:01:18]} fxe6 {[%emt 0:00:12]} 28. Nf4 {[%emt 0:00:06]} Rge8 {[%emt 0:02:02]} 29. Nxe6 {[%emt 0:02:46]} Qe5 {[%emt 0:02:00]} 30. Nd8 {[%emt 0:00:34]} Rbxd8 {[%emt 0:01:59]} 31. exd8=Q {[%emt 0:00:06]} Rxd8 {[%emt 0:00:08]} 32. Rf1 {[%emt 0:00:23]} Rf8 {[%emt 0:00:34]} 33. Rxf8+ {[%emt 0:00:23]} Bxf8 {[%emt 0:00:02]} 34. Qf1 {[%emt 0:00:18]} Bg7 {[%emt 0:01:42]} 35. Bd5 {[%emt 0:00:25]} 1/2-1/2

[Event "WYCC 2018 O18"]
[Site "Halkidiki"]
[Date "2018.10.27"]
[Round "8"]
[White "Liska, Jiri"]
[Black "Zhu, Brandon"]
[Result "1-0"]
[WhiteElo "2245"]
[BlackElo "1914"]
[Annotator "NA"]
[PlyCount "53"]
[EventDate "2018.10.20"]
[EventType "swiss"]
[EventCountry "GRE"]
[SourceTitle "playchess.com"]
[Source "ChessBase"]
[SourceQuality "1"]
[TimeControl "40/5400+30:1800+30"]

1. Nf3 {[%emt 0:00:00]} Nf6 {[%emt 0:00:00]} 2. c4 {[%emt 0:00:08]} g6 {[%emt 0:01:20]} 3. g3 {[%emt 0:02:00]} Bg7 {[%emt 0:00:20]} 4. Bg2 {[%emt 0:00:07]} O-O {[%emt 0:00:09]} 5. O-O {[%emt 0:00:49]} d6 {[%emt 0:00:08]} 6. d4 {[%emt 0:00:41]} Nc6 {[%emt 0:00:15]} 7. Nc3 {[%emt 0:00:19]} a6 {[%emt 0:00:23]} 8. e3 {[%emt 0:07:31]} Rb8 {[%emt 0:02:19]} 9. Qe2 {[%emt 0:02:52]} Bf5 $16 {[%emt 0:04:04]} (9... b5 $11 {keeps the balance.}) 10. d5 {[%emt 0:07:53]} Na7 {[%emt 0:02:40]} 11. e4 {[%emt 0:02:23]} Bg4 {[%emt 0:00:58]} 12. a4 {[%emt 0:03:50]} Nd7 {[%emt 0:02:02]} 13. h3 {[%emt 0:02:11]} Bxf3 {[%emt 0:00:07]} 14. Bxf3 {[%emt 0:00:28]} Bxc3 {[%emt 0:11:43]} 15. bxc3 {[%emt 0:00:22]} a5 {[%emt 0:02:57]} 16. Bh6 {[%emt 0:16:09]} Re8 {[%emt 0:00:57]} 17. Bg4 {[%emt 0:00:18]} e5 {[%emt 0:10:29]} 18. Kg2 {[%emt 0:12:07]} Nc5 {[%emt 0:03:36]} 19. h4 {[%emt 0:01:30]} Nc8 {[%emt 0:04:59]} 20. f4 {[%emt 0:03:31]} exf4 {[%emt 0:16:54]} 21. Rxf4 {[%emt 0:00:23]} f5 {[%emt 0:02:23]} 22. Raf1 {[%emt 0:09:36]} fxg4 {[%emt 0:11:17]} 23. Rf7 {[%emt 0:01:58]} Kh8 {[%emt 0:09:47]} 24. Qf2 {[%emt 0:02:15]} Nb6 {[%emt 0:04:16]} 25. Bg5 {[%emt 0:00:42]} Nbd7 {[%emt 0:03:56]} 26. Bxd8 {[%emt 0:00:55]} Rbxd8 {[%emt 0:00:09]} 27. Qf4 {[%emt 0:01:03]} 1-0

[Event "WYCC 2018 O18"]
[Site "Halkidiki"]
[Date "2018.10.27"]
[Round "8"]
[White "Alexakis, Dimitris"]
[Black "Pantzar, Milton"]
[Result "0-1"]
[WhiteElo "2186"]
[BlackElo "2326"]
[Annotator "NA"]
[PlyCount "156"]
[EventDate "2018.10.20"]
[EventType "swiss"]
[EventCountry "GRE"]
[SourceTitle "playchess.com"]
[Source "ChessBase"]
[SourceQuality "1"]
[TimeControl "40/5400+30:1800+30"]

1. e4 {[%emt 0:01:51]} c5 {[%emt 0:00:00]} 2. Nf3 {[%emt 0:01:05]} d6 {[%emt 0:00:31]} 3. d4 {[%emt 0:18:25]} cxd4 {[%emt 0:00:18]} 4. Qxd4 {[%emt 0:00:23]} Nc6 {[%emt 0:01:06]} 5. Bb5 {[%emt 0:00:58]} Bd7 $11 {[%emt 0:00:47] LiveBook: 2327 Games} 6. Bxc6 {[%emt 0:00:06]} Bxc6 {[%emt 0:00:44]} 7. Nc3 {[%emt 0:00:34]} Nf6 {[%emt 0:01:26]} 8. Bg5 {[%emt 0:00:10]} e6 {[%emt 0:02:17]} 9. O-O-O {[%emt 0:00:17]} Be7 {[%emt 0:02:25]} 10. Rhe1 {[%emt 0:00:09]} O-O {[%emt 0:05:33]} 11. Qd2 {[%emt 0:02:53]} Rc8 {[%emt 0:06:50]} 12. Nd4 {[%emt 0:23:12]} Qc7 {[%emt 0:27:41]} 13. f3 {[%emt 0:04:21]} Rfd8 {[%emt 0:01:35]} 14. g4 {[%emt 0:07:55]} a6 {[%emt 0:03:44]} 15. h4 {[%emt 0:12:52]} b5 {[%emt 0:04:29]} 16. Nce2 {[%emt 0:07:00]} Bb7 {[%emt 0:05:28]} 17. Kb1 {[%emt 0:08:20]} b4 {[%emt 0:09:44]} 18. Ng3 {[%emt 0:05:12]} a5 {[%emt 0:10:31]} 19. Nh5 {[%emt 0:01:52]} Ne8 {[%emt 0:00:57]} 20. Bxe7 {[%emt 0:01:34]} Qxe7 {[%emt 0:00:02]} 21. g5 {[%emt 0:00:38]} g6 {[%emt 0:06:20]} 22. Nf4 {[%emt 0:00:28]} Nc7 {[%emt 0:03:16]} 23. Nd3 {[%emt 0:00:39]} e5 {[%emt 0:00:33]} 24. Nb3 {[%emt 0:00:11]} Ne6 {[%emt 0:00:18]} 25. Nxa5 {[%emt 0:00:51]} Nd4 {[%emt 0:01:40]} 26. Nxb7 {[%emt 0:00:31]} Qxb7 {[%emt 0:03:23]} 27. Qxb4 {[%emt 0:00:29]} Qa6 {[%emt 0:00:50]} 28. c3 {[%emt 0:00:30]} Rb8 {[%emt 0:00:38]} 29. cxd4 {[%emt 0:00:17]} Rxb4 {[%emt 0:00:06]} 30. Nxb4 {[%emt 0:00:06]} Qc4 {[%emt 0:00:33]} 31. a3 {[%emt 0:00:58]} exd4 {[%emt 0:00:40]} 32. Rd3 {[%emt 0:00:27]} Qc8 {[%emt 0:00:51]} 33. Rh1 {[%emt 0:00:39]} Qc5 {[%emt 0:00:38]} 34. Rc1 {[%emt 0:00:23]} Qb5 {[%emt 0:00:23]} 35. Rxd4 {[%emt 0:00:10]} Qe2 {[%emt 0:00:22]} 36. f4 {[%emt 0:00:54]} Qf2 {[%emt 0:00:08]} 37. Rcd1 {[%emt 0:00:33]} Qxf4 {[%emt 0:00:23]} 38. Nc6 {[%emt 0:00:34]} Re8 {[%emt 0:00:18]} 39. e5 {[%emt 0:00:26]} Qf5+ {[%emt 0:01:15]} 40. Ka1 {[%emt 0:00:00]} d5 {[%emt 0:00:00]} 41. Rxd5 {[%emt 0:12:00]} Kg7 {[%emt 0:05:12]} 42. Rd7 {[%emt 0:14:19]} Qf3 {[%emt 0:15:08]} 43. Nd8 {[%emt 0:01:25]} Re7 {[%emt 0:00:12]} 44. Ka2 {[%emt 0:04:24]} Kg8 {[%emt 0:05:18]} 45. R7d6 {[%emt 0:00:56]} Rxe5 {[%emt 0:01:28]} 46. Nc6 {[%emt 0:00:19]} Re8 {[%emt 0:00:54]} 47. R1d3 {[%emt 0:00:33]} Qh1 {[%emt 0:01:29]} 48. R3d4 {[%emt 0:00:35]} Kg7 {[%emt 0:01:36]} 49. Nb4 {[%emt 0:00:25]} Re4 {[%emt 0:00:28]} 50. a4 {[%emt 0:00:36]} Qxh4 {[%emt 0:00:34]} 51. Rxe4 {[%emt 0:00:28]} Qxe4 {[%emt 0:00:01]} 52. Rb6 {[%emt 0:00:30]} Qe3 {[%emt 0:02:05]} 53. Rb5 {[%emt 0:00:16]} Qe8 {[%emt 0:00:41]} 54. Ka3 {[%emt 0:00:31]} h5 {[%emt 0:00:27]} 55. gxh6+ {[%emt 0:00:22]} Kxh6 {[%emt 0:00:01]} 56. Rd5 {[%emt 0:00:46]} f5 {[%emt 0:00:29]} 57. a5 {[%emt 0:00:18]} f4 {[%emt 0:00:10]} 58. Nd3 {[%emt 0:00:47]} f3 {[%emt 0:00:35]} 59. a6 {[%emt 0:00:31]} Qe3 {[%emt 0:02:21]} 60. Kb4 {[%emt 0:00:32]} Qb6+ {[%emt 0:00:37]} 61. Kc3 {[%emt 0:00:25]} f2 {[%emt 0:00:49]} 62. Nxf2 {[%emt 0:00:27]} Qxf2 {[%emt 0:00:03]} 63. b4 {[%emt 0:00:30]} g5 {[%emt 0:01:29]} 64. Rc5 {[%emt 0:00:37]} Qe1+ {[%emt 0:00:18]} 65. Kc4 {[%emt 0:00:32]} Qe2+ {[%emt 0:00:09]} 66. Kd5 {[%emt 0:00:02]} Qd3+ {[%emt 0:00:12]} 67. Kc6 {[%emt 0:00:54]} Qxa6+ {[%emt 0:00:06]} 68. Kc7 {[%emt 0:00:07]} Qa7+ {[%emt 0:00:26]} 69. Kc6 {[%emt 0:00:05]} g4 {[%emt 0:00:37]} 70. b5 {[%emt 0:00:19]} Qxc5+ {[%emt 0:00:35]} 71. Kxc5 {[%emt 0:00:05]} g3 {[%emt 0:00:03]} 72. b6 {[%emt 0:00:02]} g2 {[%emt 0:00:03]} 73. b7 {[%emt 0:00:03]} g1=Q+ {[%emt 0:00:06]} 74. Kc6 {[%emt 0:00:08]} Qg3 {[%emt 0:00:09]} 75. Kd7 {[%emt 0:00:04]} Qb8 {[%emt 0:00:05]} 76. Kc6 Kg6 {[%emt 0:00:05]} 77. Kb6 {[%emt 0:00:06]} Kf6 {[%emt 0:00:05]} 78. Kc6 {[%emt 0:00:02]} Ke6 {[%emt 0:00:07]} 0-1